Responses for show #796 - Monday, February 8, 1988

1988 Teen Tournament quarterfinal game 1.

Contestants

David Javerbaum, a junior from Maplewood, New Jersey

Mia Diamond, a senior from Chicago, Illinois

Mark Wong, a senior from Los Angeles, California

Jeopardy! Round responses

HOLIDAYS & OBSERVANCES
JOAN OF ARC
MUSIC APPRECIATION
NURSERY RHYMES
BASEBALL
4-LETTER WORDS
    $100 15
May

Mia
    $100 6
Orleans

Mia
    $100 27
oratorio

David
    $100 29
rye

David
    $100 1
its minor league teams

Mark
    $100 7
seam

Mia
    $200 16
Abraham Lincoln

Mia
    $200 18
the Seine

Mark
    $200 28
Barnum & Bailey

Mark
    $200 30
(David: What is a stick?)
...
(Alex: "Jack be nimble, Jack be quick, Jack jump over the [*].")

candlestick

MiaDavid
    $200 2
baseball bats

David
    $200 8
chop

Mia
    $300 17
bulls

Mark
    $300 19
the 20th century

David
    $300 24
(Alex: We've got less than a minute to go.)

singing

David
    $300 12
(David: What is when he kissed the girls?)

when the boys came out to play

MiaDavid
    $300 3
21

David
    $300 9
peak

David
    $400 25
Buckingham Palace

Mark
    $400 20
saints that spoke to her

Mia
    $400 23
Richard Rodgers

David
    $400 13
rings on her fingers & bells on her toes

Mia
    $400 4
Fernando Valenzuela

Mark
    $400 10
rink

Mia
    $500 26
Japan

David
    $500 21
men's soldier's clothing

David
    $800 22
The Magic Flute

David
    $500 14
the fly

Triple Stumper
    $500 5
(Alex: Or putting him into another position.)

putting him into the outfield

Mark
    $500 11
spur

Mia

Scores at the first commercial break (after clue 14):

Mark Mia David
$1,000 $2,000 $500

Scores at the end of the Jeopardy! Round:

Mark Mia David
$2,100 $2,900 $3,300

Double Jeopardy! Round responses

DINOSAURS
THE AMERICAN REVOLUTION
20TH CENTURY LITERATURE
AFRICA
LEGAL LINGO
WISE GUYS
    $200 25
Christmas

Mark
    $200 18
the bridge

Mia
    $200 2
Sahara

Mia
    $200 14
stay

David
    $200 1
rabbi

David
    $400 29
[The end-of-round signal sounds.]

Pee-wee Herman

David
    $400 26
(David: What is the Tea Act?)

the Stamp Act

MiaDavid
    $400 20
Tennessee Williams

David
    $400 10
(Mark: What are Bushmen?)

Pygmies

MarkDavid
    $400 15
hung

David
    $400 4
Albert Einstein

Mia
    $600 28
(Mia: What is Asia?)

Antarctica

Mia
    $600 19
Yorktown

Mark
    $600 3
John Steinbeck

Mark
    $600 11
Lesotho

David
    $600 16
to try

Triple Stumper
    $600 7
Homo sapiens

David
    $800 27
(Alex: Less than a minute to go.)

brontosaurus

Triple Stumper
    $800 22
Sam Adams

Mark
    $800 5
Elmer Gantry

David
    $2,000 12
(David: What is 2?)

(all) 3

David
    $800 17
subpoena

Mark
    $800 8
sage

David
    $1000 24
they became extinct

David
    $1000 23
Tories/Loyalists

Mia
    $1000 6
(Mia: What is Tennessee?)

Mississippi

MarkMia
    $1000 13
Lake Nasser

David
    $1000 21
litigants

David
    $1000 9
oracle

David

Scores at the end of the Double Jeopardy! Round:

Mark Mia David
$5,700 $3,500 $9,700

Final Jeopardy! Round responses

U.S. CITIES
(Alex: "Capital" is defined as "the place where the legislature meets", and [*] served the longest before Washington.)
MiaWhat is NYC?
$2,200
MarkWhat is Philadelphia?
$4,300
DavidWhat is New York, NY
$1,701
Philadelphia

Final scores:

Mark Mia David
$10,000 $1,300 $7,999
Automatic semifinalist 3rd place: $1,000 if not wild card semifinalist 2nd place: $1,000 if not wild card semifinalist

Game dynamics:

Coryat scores:

Mark Mia David
$5,700 $4,100 $11,400
13 R,
1 W
16 R,
2 W
(including 1 DD)
25 R
(including 1 DD),
4 W
(including 1 DD)

Combined Coryat: $21,200

The J! Archive is created by fans, for fans. The Jeopardy! game show and all elements thereof, including but not limited to copyright and trademark thereto, are the property of Jeopardy Productions, Inc. and are protected under law. This website is not affiliated with, sponsored by, or operated by Jeopardy Productions, Inc. Join the discussion at JBoard.tv.